Normal view
MARC view
- International Symposium on Moenjodaro,
Entry Meeting Name
001 - CONTROL NUMBER
- control field: 93585
003 - CONTROL NUMBER IDENTIFIER
- control field: NUST
005 - DATE AND TIME OF LATEST TRANSACTION
- control field: 20220715091459.0
008 - FIXED-LENGTH DATA ELEMENTS
- fixed length control field: 220715|| aca||aabn | a|a d
040 ## - CATALOGING SOURCE
- Original cataloging agency: NUST
- Transcribing agency: NUST
111 ## - HEADING--MEETING NAME
- Meeting name or jurisdiction name as entry element: International Symposium on Moenjodaro,
- Location of meeting: Mohenjo-Daro,
- Date of meeting: 1973
670 ## - SOURCE DATA FOUND
- Source citation: Work cat.: (NUST)0: International Symposium on Moenjodaro, Mohenjo-Daro, 1973., Proceedings of International Symposium on Moenjodaro, 1973 /, 1975.
